| 000 | 01465nam a2200349 i 4500 | ||
|---|---|---|---|
| 003 | DO-SdBNP | ||
| 005 | 20240809112646.0 | ||
| 006 | a||||br|||| 00| 0 | ||
| 007 | ta | ||
| 008 | 240809m19731966ag ad||| |||| 00| 0 spa d | ||
| 040 |
_aDO-SdBNP _bspa _cbnphu _erda |
||
| 082 | 4 |
_222 _bD725d 1973 |
|
| 100 | 1 |
_aDottrens, Robert _eautor _986257 |
|
| 245 | 1 | 0 |
_aDidactica para la escuela primaria / _cRobert Dotrens; Adolfo Millo, Gaston Mialaret Michael Ray, Edmond Rast. |
| 250 | _aTercera edición | ||
| 264 | 1 |
_aArgentina, Buenos Aires : _bEditorial Universitaria de Buenos Aires, _c1973 |
|
| 264 | 4 |
_aArgentina, Buenos Aires : _bUnesco, _c©1966 |
|
| 300 |
_a415 páginas : _bilustraciones ; _c22 cm. |
||
| 336 |
_2rdacontent _atexto _btxt |
||
| 337 |
_2rdamedia _asin mediación _bn |
||
| 338 |
_2rdacarrier _avolumen _bnc |
||
| 504 | _aBibliografía: 415-416 | ||
| 505 | 0 |
_aPrólogo.-- Prefacio.-- Introducción. _gPrimera Parte. _tLa Educación: Enseñar a conducirse.-- _gSegunda Parte. _tLa Enseñanza: Enseñar a aprender.-- _gTercera Parte. _tLa Enseñanza de la Lengua Materna.-- _gCuarta Parte. _tMetodología de las Enseñanzas Fundamentales.-- _gBibliografía. |
|
| 590 | _aInventariado 2024 / MF | ||
| 700 | 1 |
_aMillo Adolfo _986258 |
|
| 700 | 1 |
_aMialaret, Gaston _986259 |
|
| 700 | 1 |
_aRay, Michael _986260 |
|
| 700 | 1 |
_aRast, Edmond _986261 |
|
| 710 | 2 |
_aUnesco _919805 |
|
| 710 | 2 |
_aUniversidad Universitaria de Buenos Aires _986262 |
|
| 942 |
_2ddc _cLBS1 |
||
| 999 |
_c57397 _d57397 |
||